<?xml version="1.0" encoding="UTF-8"?>
<collection xmlns="http://www.loc.gov/MARC21/slim">
 <record>
  <leader>08277nam a22009617a 4500</leader>
  <controlfield tag="001">000098602</controlfield>
  <controlfield tag="003">CZ-PrVSE</controlfield>
  <controlfield tag="005">20080221070654.0</controlfield>
  <controlfield tag="007">ta</controlfield>
  <controlfield tag="008">070614s2007    xr d   frb    000 0 cze d</controlfield>
  <datafield tag="015" ind1=" " ind2=" ">
   <subfield code="a">cnb001723607</subfield>
  </datafield>
  <datafield tag="020" ind1=" " ind2=" ">
   <subfield code="a">978-80-86929-26-2</subfield>
   <subfield code="q">(brož.)</subfield>
  </datafield>
  <datafield tag="035" ind1=" " ind2=" ">
   <subfield code="a">(OCoLC)228593302</subfield>
  </datafield>
  <datafield tag="040" ind1=" " ind2=" ">
   <subfield code="a">JHD001</subfield>
   <subfield code="b">cze</subfield>
   <subfield code="c">JHD001</subfield>
   <subfield code="d">JHD001</subfield>
  </datafield>
  <datafield tag="072" ind1=" " ind2="7">
   <subfield code="a">658</subfield>
   <subfield code="x">Řízení a správa podniku</subfield>
   <subfield code="2">Konspekt</subfield>
   <subfield code="9">4</subfield>
  </datafield>
  <datafield tag="072" ind1=" " ind2="9">
   <subfield code="a">658</subfield>
   <subfield code="x">General management</subfield>
   <subfield code="2">Conspectus</subfield>
   <subfield code="9">4</subfield>
  </datafield>
  <datafield tag="080" ind1=" " ind2=" ">
   <subfield code="a">657.41/.45</subfield>
   <subfield code="2">MRF</subfield>
  </datafield>
  <datafield tag="080" ind1=" " ind2=" ">
   <subfield code="a">658.14/.17</subfield>
   <subfield code="2">MRF</subfield>
  </datafield>
  <datafield tag="080" ind1=" " ind2=" ">
   <subfield code="a">005.216:658.14/.17</subfield>
   <subfield code="2">MRF</subfield>
  </datafield>
  <datafield tag="080" ind1=" " ind2=" ">
   <subfield code="a">(048.8)</subfield>
   <subfield code="2">MRF</subfield>
  </datafield>
  <datafield tag="099" ind1=" " ind2="9">
   <subfield code="a">658.1GRÜ</subfield>
  </datafield>
  <datafield tag="100" ind1="1" ind2=" ">
   <subfield code="a">Grünwald, Rolf,</subfield>
   <subfield code="d">1930-</subfield>
   <subfield code="7">jk01032785</subfield>
   <subfield code="4">aut</subfield>
  </datafield>
  <datafield tag="245" ind1="1" ind2="0">
   <subfield code="a">Finanční analýza a plánování podniku</subfield>
   <subfield code="b">Rolf Grünwald, Jaroslava Holečková</subfield>
  </datafield>
  <datafield tag="250" ind1=" " ind2=" ">
   <subfield code="a">Vyd. 1.</subfield>
  </datafield>
  <datafield tag="260" ind1=" " ind2=" ">
   <subfield code="a">Praha :</subfield>
   <subfield code="b">Ekopress,</subfield>
   <subfield code="c">2007</subfield>
  </datafield>
  <datafield tag="300" ind1=" " ind2=" ">
   <subfield code="a">318 s. :</subfield>
   <subfield code="b">il.</subfield>
  </datafield>
  <datafield tag="504" ind1=" " ind2=" ">
   <subfield code="a">Obsahuje bibliografii</subfield>
  </datafield>
  <datafield tag="536" ind1=" " ind2=" ">
   <subfield code="a">Vznik této publikace byl podpořen v rámci projektu JPD 3 &quot;Rozšíření akreditace bakalářského studijního programu Daně a finanční kontrola na kombinovanou formu studia&quot; spolufinancovaného Evropským sociálním fondem, státním rozpočtem České republiky a rozpočtem hlavního města Prahy</subfield>
  </datafield>
  <datafield tag="650" ind1="0" ind2="7">
   <subfield code="a">finanční analýza</subfield>
   <subfield code="7">ph120235</subfield>
   <subfield code="2">czenas</subfield>
  </datafield>
  <datafield tag="650" ind1="0" ind2="7">
   <subfield code="a">finance podniku</subfield>
   <subfield code="7">ph172935</subfield>
   <subfield code="2">czenas</subfield>
  </datafield>
  <datafield tag="650" ind1="0" ind2="7">
   <subfield code="a">finanční plánování</subfield>
   <subfield code="7">ph182344</subfield>
   <subfield code="2">czenas</subfield>
  </datafield>
  <datafield tag="655" ind1=" " ind2="7">
   <subfield code="a">monografie</subfield>
   <subfield code="7">fd132842</subfield>
   <subfield code="2">czenas</subfield>
  </datafield>
  <datafield tag="650" ind1="0" ind2="9">
   <subfield code="a">financial analysis</subfield>
   <subfield code="2">eczenas</subfield>
  </datafield>
  <datafield tag="650" ind1="0" ind2="9">
   <subfield code="a">business finance</subfield>
   <subfield code="2">eczenas</subfield>
  </datafield>
  <datafield tag="650" ind1="0" ind2="9">
   <subfield code="a">financial planning</subfield>
   <subfield code="2">eczenas</subfield>
  </datafield>
  <datafield tag="655" ind1=" " ind2="9">
   <subfield code="a">monographs</subfield>
   <subfield code="2">eczenas</subfield>
  </datafield>
  <datafield tag="700" ind1="1" ind2=" ">
   <subfield code="a">Holečková, Jaroslava</subfield>
   <subfield code="7">ola2004212071</subfield>
   <subfield code="4">aut</subfield>
  </datafield>
  <datafield tag="993" ind1=" " ind2=" ">
   <subfield code="a">003170626</subfield>
  </datafield>
  <datafield tag="911" ind1=" " ind2=" ">
   <subfield code="a">ABA001</subfield>
   <subfield code="d">zdigitalizováno</subfield>
   <subfield code="u">http://krameriusndk.nkp.cz/search/handle/uuid:70c76b30-3c23-11e9-a543-005056827e52</subfield>
  </datafield>
  <datafield tag="911" ind1=" " ind2=" ">
   <subfield code="a">BOA001</subfield>
   <subfield code="d">zdigitalizováno</subfield>
   <subfield code="u">http://krameriusndk.mzk.cz/search/handle/uuid:70c76b30-3c23-11e9-a543-005056827e52</subfield>
  </datafield>
  <datafield tag="996" ind1=" " ind2=" ">
   <subfield code="1">HPUJC</subfield>
   <subfield code="3">A 6721-V9</subfield>
   <subfield code="4">N:P</subfield>
   <subfield code="5">4202127687</subfield>
   <subfield code="8">20071129</subfield>
   <subfield code="9">658.1GRÜ</subfield>
   <subfield code="f">81</subfield>
   <subfield code="l">UEP01</subfield>
   <subfield code="m">BOOK</subfield>
   <subfield code="p">MI</subfield>
   <subfield code="q">*Knihovna FM J.Hradec pujcovna</subfield>
   <subfield code="t">na 1 měsíc</subfield>
   <subfield code="u">UEP01</subfield>
   <subfield code="v">Ztráta</subfield>
  </datafield>
  <datafield tag="996" ind1=" " ind2=" ">
   <subfield code="1">HPUVV</subfield>
   <subfield code="3">A 6721-V10</subfield>
   <subfield code="4">N:P</subfield>
   <subfield code="5">4202130183</subfield>
   <subfield code="8">20090512</subfield>
   <subfield code="9">658.1GRÜ</subfield>
   <subfield code="f">81</subfield>
   <subfield code="l">UEP01</subfield>
   <subfield code="m">BOOK</subfield>
   <subfield code="q">Knihovna FM JH volný výběr</subfield>
   <subfield code="t">na 1 měsíc</subfield>
   <subfield code="u">UEP01</subfield>
  </datafield>
  <datafield tag="996" ind1=" " ind2=" ">
   <subfield code="1">HPUVV</subfield>
   <subfield code="3">A 6721-V11</subfield>
   <subfield code="4">N:P</subfield>
   <subfield code="5">4202130184</subfield>
   <subfield code="8">20090512</subfield>
   <subfield code="9">658.1GRÜ</subfield>
   <subfield code="f">81</subfield>
   <subfield code="l">UEP01</subfield>
   <subfield code="m">BOOK</subfield>
   <subfield code="q">Knihovna FM JH volný výběr</subfield>
   <subfield code="t">na 1 měsíc</subfield>
   <subfield code="u">UEP01</subfield>
  </datafield>
  <datafield tag="996" ind1=" " ind2=" ">
   <subfield code="1">HPUVV</subfield>
   <subfield code="3">A 6721-V12</subfield>
   <subfield code="4">N:P</subfield>
   <subfield code="5">4202130185</subfield>
   <subfield code="8">20090512</subfield>
   <subfield code="9">658.1GRÜ</subfield>
   <subfield code="f">81</subfield>
   <subfield code="l">UEP01</subfield>
   <subfield code="m">BOOK</subfield>
   <subfield code="q">Knihovna FM JH volný výběr</subfield>
   <subfield code="t">na 1 měsíc</subfield>
   <subfield code="u">UEP01</subfield>
  </datafield>
  <datafield tag="996" ind1=" " ind2=" ">
   <subfield code="1">HPUVV</subfield>
   <subfield code="3">A 6721-V13</subfield>
   <subfield code="4">N:G</subfield>
   <subfield code="5">4202141263</subfield>
   <subfield code="8">20170126</subfield>
   <subfield code="9">658.1GRÜ</subfield>
   <subfield code="f">81</subfield>
   <subfield code="l">UEP01</subfield>
   <subfield code="m">BOOK</subfield>
   <subfield code="q">Knihovna FM JH volný výběr</subfield>
   <subfield code="t">na 1 měsíc</subfield>
   <subfield code="u">UEP01</subfield>
  </datafield>
  <datafield tag="996" ind1=" " ind2=" ">
   <subfield code="1">HPUVV</subfield>
   <subfield code="3">A 6721-V2</subfield>
   <subfield code="4">N:P</subfield>
   <subfield code="5">4202126875</subfield>
   <subfield code="8">20070614</subfield>
   <subfield code="9">658,1GRÜ</subfield>
   <subfield code="f">81</subfield>
   <subfield code="l">UEP01</subfield>
   <subfield code="m">BOOK</subfield>
   <subfield code="q">Knihovna FM JH volný výběr</subfield>
   <subfield code="t">na 1 měsíc</subfield>
   <subfield code="u">UEP01</subfield>
   <subfield code="w">20070614</subfield>
  </datafield>
  <datafield tag="996" ind1=" " ind2=" ">
   <subfield code="1">HPUVV</subfield>
   <subfield code="3">A 6721-V3</subfield>
   <subfield code="4">N:P</subfield>
   <subfield code="5">4202126876</subfield>
   <subfield code="8">20070614</subfield>
   <subfield code="9">658.1GRÜ</subfield>
   <subfield code="f">81</subfield>
   <subfield code="l">UEP01</subfield>
   <subfield code="m">BOOK</subfield>
   <subfield code="q">Knihovna FM JH volný výběr</subfield>
   <subfield code="t">na 1 měsíc</subfield>
   <subfield code="u">UEP01</subfield>
   <subfield code="w">20070614</subfield>
  </datafield>
  <datafield tag="996" ind1=" " ind2=" ">
   <subfield code="1">HPUVV</subfield>
   <subfield code="3">A 6721-V4</subfield>
   <subfield code="4">N:P</subfield>
   <subfield code="5">4202127233</subfield>
   <subfield code="8">20070927</subfield>
   <subfield code="9">658.1GRÜ</subfield>
   <subfield code="f">81</subfield>
   <subfield code="l">UEP01</subfield>
   <subfield code="m">BOOK</subfield>
   <subfield code="q">Knihovna FM JH volný výběr</subfield>
   <subfield code="t">na 1 měsíc</subfield>
   <subfield code="u">UEP01</subfield>
  </datafield>
  <datafield tag="996" ind1=" " ind2=" ">
   <subfield code="1">HPUVV</subfield>
   <subfield code="3">A 6721-V5</subfield>
   <subfield code="4">N:P</subfield>
   <subfield code="5">4202127683</subfield>
   <subfield code="8">20071129</subfield>
   <subfield code="9">658.1GRÜ</subfield>
   <subfield code="f">81</subfield>
   <subfield code="l">UEP01</subfield>
   <subfield code="m">BOOK</subfield>
   <subfield code="q">Knihovna FM JH volný výběr</subfield>
   <subfield code="t">na 1 měsíc</subfield>
   <subfield code="u">UEP01</subfield>
  </datafield>
  <datafield tag="996" ind1=" " ind2=" ">
   <subfield code="1">HPUVV</subfield>
   <subfield code="3">A 6721-V6</subfield>
   <subfield code="4">N:P</subfield>
   <subfield code="5">4202127684</subfield>
   <subfield code="8">20071129</subfield>
   <subfield code="9">658.1GRÜ</subfield>
   <subfield code="f">81</subfield>
   <subfield code="l">UEP01</subfield>
   <subfield code="m">BOOK</subfield>
   <subfield code="q">Knihovna FM JH volný výběr</subfield>
   <subfield code="t">na 1 měsíc</subfield>
   <subfield code="u">UEP01</subfield>
  </datafield>
  <datafield tag="996" ind1=" " ind2=" ">
   <subfield code="1">HPUVV</subfield>
   <subfield code="3">A 6721-V7</subfield>
   <subfield code="4">N:P</subfield>
   <subfield code="5">4202127685</subfield>
   <subfield code="8">20071129</subfield>
   <subfield code="9">658.1GRÜ</subfield>
   <subfield code="f">81</subfield>
   <subfield code="l">UEP01</subfield>
   <subfield code="m">BOOK</subfield>
   <subfield code="q">Knihovna FM JH volný výběr</subfield>
   <subfield code="t">na 1 měsíc</subfield>
   <subfield code="u">UEP01</subfield>
  </datafield>
  <datafield tag="996" ind1=" " ind2=" ">
   <subfield code="1">HPUVV</subfield>
   <subfield code="3">A 6721-V8</subfield>
   <subfield code="4">N:P</subfield>
   <subfield code="5">4202127686</subfield>
   <subfield code="8">20071129</subfield>
   <subfield code="9">658.1GRÜ</subfield>
   <subfield code="f">81</subfield>
   <subfield code="l">UEP01</subfield>
   <subfield code="m">BOOK</subfield>
   <subfield code="q">Knihovna FM JH volný výběr</subfield>
   <subfield code="t">na 1 měsíc</subfield>
   <subfield code="u">UEP01</subfield>
  </datafield>
  <datafield tag="996" ind1=" " ind2=" ">
   <subfield code="1">HSTU1</subfield>
   <subfield code="3">A 6721-V1</subfield>
   <subfield code="4">N:P</subfield>
   <subfield code="5">4202126874</subfield>
   <subfield code="8">20070614</subfield>
   <subfield code="9">658.1GRÜ</subfield>
   <subfield code="f">85</subfield>
   <subfield code="l">UEP01</subfield>
   <subfield code="m">BOOK</subfield>
   <subfield code="q">Knihovna FM JH studovna I</subfield>
   <subfield code="t">prezenční</subfield>
   <subfield code="u">UEP01</subfield>
   <subfield code="w">20070614</subfield>
  </datafield>
  <datafield tag="996" ind1=" " ind2=" ">
   <subfield code="1">PKFP</subfield>
   <subfield code="3">F197374n</subfield>
   <subfield code="4">N:P</subfield>
   <subfield code="5">3142214209</subfield>
   <subfield code="8">20071001</subfield>
   <subfield code="9">658.1GRÜ</subfield>
   <subfield code="f">83</subfield>
   <subfield code="g">14162</subfield>
   <subfield code="l">UEP01</subfield>
   <subfield code="m">BOOK</subfield>
   <subfield code="q">KFOP</subfield>
   <subfield code="s">DISLOK: Šmídová, Radana - ISIS4182</subfield>
   <subfield code="t">na dislokovaném</subfield>
   <subfield code="u">UEP01</subfield>
   <subfield code="w">20071012</subfield>
  </datafield>
  <datafield tag="996" ind1=" " ind2=" ">
   <subfield code="1">PKFP</subfield>
   <subfield code="3">F197374o</subfield>
   <subfield code="4">N:P</subfield>
   <subfield code="5">3142214210</subfield>
   <subfield code="8">20071001</subfield>
   <subfield code="9">658.1GRÜ</subfield>
   <subfield code="f">83</subfield>
   <subfield code="g">14162</subfield>
   <subfield code="l">UEP01</subfield>
   <subfield code="m">BOOK</subfield>
   <subfield code="p">MI</subfield>
   <subfield code="q">KFOP</subfield>
   <subfield code="t">na dislokovaném</subfield>
   <subfield code="u">UEP01</subfield>
   <subfield code="v">Ztráta</subfield>
   <subfield code="w">20071012</subfield>
  </datafield>
  <datafield tag="996" ind1=" " ind2=" ">
   <subfield code="1">PKFP</subfield>
   <subfield code="3">F197374s</subfield>
   <subfield code="4">N:P</subfield>
   <subfield code="5">3142214214</subfield>
   <subfield code="8">20071001</subfield>
   <subfield code="9">658.1GRÜ</subfield>
   <subfield code="f">83</subfield>
   <subfield code="g">14162</subfield>
   <subfield code="l">UEP01</subfield>
   <subfield code="m">BOOK</subfield>
   <subfield code="q">KFOP</subfield>
   <subfield code="s">DISLOK: Krabec, Tomáš - ISIS11645</subfield>
   <subfield code="t">na dislokovaném</subfield>
   <subfield code="u">UEP01</subfield>
   <subfield code="w">20071012</subfield>
  </datafield>
  <datafield tag="996" ind1=" " ind2=" ">
   <subfield code="1">PKFU</subfield>
   <subfield code="3">F197374z</subfield>
   <subfield code="4">N:P</subfield>
   <subfield code="5">3142278471</subfield>
   <subfield code="8">20141124</subfield>
   <subfield code="9">658.1GRÜ</subfield>
   <subfield code="f">83</subfield>
   <subfield code="g">41044</subfield>
   <subfield code="l">UEP01</subfield>
   <subfield code="m">BOOK</subfield>
   <subfield code="p">MI</subfield>
   <subfield code="q">KFUA</subfield>
   <subfield code="t">na dislokovaném</subfield>
   <subfield code="u">UEP01</subfield>
   <subfield code="v">Ztráta</subfield>
   <subfield code="w">20141125</subfield>
  </datafield>
  <datafield tag="996" ind1=" " ind2=" ">
   <subfield code="1">PSKLA</subfield>
   <subfield code="3">F197374c</subfield>
   <subfield code="4">N:P</subfield>
   <subfield code="5">3142214197</subfield>
   <subfield code="8">20070913</subfield>
   <subfield code="9">658.1GRÜ</subfield>
   <subfield code="f">81</subfield>
   <subfield code="g">13803</subfield>
   <subfield code="l">UEP01</subfield>
   <subfield code="m">BOOK</subfield>
   <subfield code="q">Knihovna Žižkov - sklad</subfield>
   <subfield code="t">na 1 měsíc</subfield>
   <subfield code="u">UEP01</subfield>
   <subfield code="w">20071012</subfield>
  </datafield>
  <datafield tag="996" ind1=" " ind2=" ">
   <subfield code="1">PSKLA</subfield>
   <subfield code="3">F197374ch</subfield>
   <subfield code="4">N:P</subfield>
   <subfield code="5">3142214203</subfield>
   <subfield code="8">20070913</subfield>
   <subfield code="9">658.1GRÜ</subfield>
   <subfield code="f">81</subfield>
   <subfield code="g">13803</subfield>
   <subfield code="l">UEP01</subfield>
   <subfield code="m">BOOK</subfield>
   <subfield code="q">Knihovna Žižkov - sklad</subfield>
   <subfield code="t">na 1 měsíc</subfield>
   <subfield code="u">UEP01</subfield>
   <subfield code="w">20071012</subfield>
  </datafield>
  <datafield tag="996" ind1=" " ind2=" ">
   <subfield code="1">PSKLA</subfield>
   <subfield code="3">F197374d</subfield>
   <subfield code="4">N:P</subfield>
   <subfield code="5">3142214198</subfield>
   <subfield code="8">20070913</subfield>
   <subfield code="9">658.1GRÜ</subfield>
   <subfield code="f">81</subfield>
   <subfield code="g">13803</subfield>
   <subfield code="l">UEP01</subfield>
   <subfield code="m">BOOK</subfield>
   <subfield code="q">Knihovna Žižkov - sklad</subfield>
   <subfield code="t">na 1 měsíc</subfield>
   <subfield code="u">UEP01</subfield>
   <subfield code="w">20071012</subfield>
  </datafield>
  <datafield tag="996" ind1=" " ind2=" ">
   <subfield code="1">PSKLA</subfield>
   <subfield code="3">F197374e</subfield>
   <subfield code="4">N:P</subfield>
   <subfield code="5">3142214199</subfield>
   <subfield code="8">20070913</subfield>
   <subfield code="9">658.1GRÜ</subfield>
   <subfield code="f">81</subfield>
   <subfield code="g">13803</subfield>
   <subfield code="l">UEP01</subfield>
   <subfield code="m">BOOK</subfield>
   <subfield code="q">Knihovna Žižkov - sklad</subfield>
   <subfield code="t">na 1 měsíc</subfield>
   <subfield code="u">UEP01</subfield>
   <subfield code="w">20071012</subfield>
  </datafield>
  <datafield tag="996" ind1=" " ind2=" ">
   <subfield code="1">PSKLA</subfield>
   <subfield code="3">F197374f</subfield>
   <subfield code="4">N:P</subfield>
   <subfield code="5">3142214200</subfield>
   <subfield code="8">20070913</subfield>
   <subfield code="9">658.1GRÜ</subfield>
   <subfield code="f">81</subfield>
   <subfield code="g">13803</subfield>
   <subfield code="l">UEP01</subfield>
   <subfield code="m">BOOK</subfield>
   <subfield code="q">Knihovna Žižkov - sklad</subfield>
   <subfield code="t">na 1 měsíc</subfield>
   <subfield code="u">UEP01</subfield>
   <subfield code="w">20071012</subfield>
  </datafield>
  <datafield tag="996" ind1=" " ind2=" ">
   <subfield code="1">PSKLA</subfield>
   <subfield code="3">F197374g</subfield>
   <subfield code="4">N:P</subfield>
   <subfield code="5">3142214201</subfield>
   <subfield code="8">20070913</subfield>
   <subfield code="9">658.1GRÜ</subfield>
   <subfield code="f">81</subfield>
   <subfield code="g">13803</subfield>
   <subfield code="l">UEP01</subfield>
   <subfield code="m">BOOK</subfield>
   <subfield code="p">MI</subfield>
   <subfield code="q">Knihovna Žižkov - sklad</subfield>
   <subfield code="s">Právničce k vymáhání 1.11.2012 - předat paní Uhlíkové;odpis říjen 2013</subfield>
   <subfield code="t">na 1 měsíc</subfield>
   <subfield code="u">UEP01</subfield>
   <subfield code="v">Ztráta</subfield>
   <subfield code="w">20071012</subfield>
  </datafield>
  <datafield tag="996" ind1=" " ind2=" ">
   <subfield code="1">PSKLA</subfield>
   <subfield code="3">F197374h</subfield>
   <subfield code="4">N:P</subfield>
   <subfield code="5">3142214202</subfield>
   <subfield code="8">20070913</subfield>
   <subfield code="9">658.1GRÜ</subfield>
   <subfield code="f">81</subfield>
   <subfield code="g">13803</subfield>
   <subfield code="l">UEP01</subfield>
   <subfield code="m">BOOK</subfield>
   <subfield code="p">MI</subfield>
   <subfield code="q">Knihovna Žižkov - sklad</subfield>
   <subfield code="s">Právničce k vymáhání 3.12.2013;odepsáno rozhodnutím kvestora 11.3. 2014</subfield>
   <subfield code="t">na 1 měsíc</subfield>
   <subfield code="u">UEP01</subfield>
   <subfield code="v">Ztráta</subfield>
   <subfield code="w">20071012</subfield>
  </datafield>
  <datafield tag="996" ind1=" " ind2=" ">
   <subfield code="1">PSKLA</subfield>
   <subfield code="3">F197374i</subfield>
   <subfield code="4">N:P</subfield>
   <subfield code="5">3142214204</subfield>
   <subfield code="8">20071010</subfield>
   <subfield code="9">658.1GRÜ</subfield>
   <subfield code="f">81</subfield>
   <subfield code="g">13803</subfield>
   <subfield code="l">UEP01</subfield>
   <subfield code="m">BOOK</subfield>
   <subfield code="q">Knihovna Žižkov - sklad</subfield>
   <subfield code="t">na 1 měsíc</subfield>
   <subfield code="u">UEP01</subfield>
   <subfield code="w">20071012</subfield>
  </datafield>
  <datafield tag="996" ind1=" " ind2=" ">
   <subfield code="1">PSKLA</subfield>
   <subfield code="3">F197374j</subfield>
   <subfield code="4">N:P</subfield>
   <subfield code="5">3142214205</subfield>
   <subfield code="8">20071010</subfield>
   <subfield code="9">658.1GRÜ</subfield>
   <subfield code="f">81</subfield>
   <subfield code="g">13803</subfield>
   <subfield code="l">UEP01</subfield>
   <subfield code="m">BOOK</subfield>
   <subfield code="q">Knihovna Žižkov - sklad</subfield>
   <subfield code="t">na 1 měsíc</subfield>
   <subfield code="u">UEP01</subfield>
   <subfield code="w">20071012</subfield>
  </datafield>
  <datafield tag="996" ind1=" " ind2=" ">
   <subfield code="1">PSKLA</subfield>
   <subfield code="3">F197374k</subfield>
   <subfield code="4">N:P</subfield>
   <subfield code="5">3142214206</subfield>
   <subfield code="8">20071010</subfield>
   <subfield code="9">658.1GRÜ</subfield>
   <subfield code="f">81</subfield>
   <subfield code="g">13803</subfield>
   <subfield code="l">UEP01</subfield>
   <subfield code="m">BOOK</subfield>
   <subfield code="q">Knihovna Žižkov - sklad</subfield>
   <subfield code="t">na 1 měsíc</subfield>
   <subfield code="u">UEP01</subfield>
   <subfield code="w">20071012</subfield>
  </datafield>
  <datafield tag="996" ind1=" " ind2=" ">
   <subfield code="1">PSKLA</subfield>
   <subfield code="3">F197374l</subfield>
   <subfield code="4">N:P</subfield>
   <subfield code="5">3142214207</subfield>
   <subfield code="8">20071010</subfield>
   <subfield code="9">658.1GRÜ</subfield>
   <subfield code="f">81</subfield>
   <subfield code="g">13803</subfield>
   <subfield code="l">UEP01</subfield>
   <subfield code="m">BOOK</subfield>
   <subfield code="q">Knihovna Žižkov - sklad</subfield>
   <subfield code="t">na 1 měsíc</subfield>
   <subfield code="u">UEP01</subfield>
   <subfield code="w">20071012</subfield>
  </datafield>
  <datafield tag="996" ind1=" " ind2=" ">
   <subfield code="1">PSKLA</subfield>
   <subfield code="3">F197374m</subfield>
   <subfield code="4">N:P</subfield>
   <subfield code="5">3142214208</subfield>
   <subfield code="8">20071010</subfield>
   <subfield code="9">658.1GRÜ</subfield>
   <subfield code="f">81</subfield>
   <subfield code="g">13803</subfield>
   <subfield code="l">UEP01</subfield>
   <subfield code="m">BOOK</subfield>
   <subfield code="q">Knihovna Žižkov - sklad</subfield>
   <subfield code="t">na 1 měsíc</subfield>
   <subfield code="u">UEP01</subfield>
   <subfield code="w">20071012</subfield>
  </datafield>
  <datafield tag="996" ind1=" " ind2=" ">
   <subfield code="1">PSKLA</subfield>
   <subfield code="3">F197374p</subfield>
   <subfield code="4">N:P</subfield>
   <subfield code="5">3142214211</subfield>
   <subfield code="8">20071001</subfield>
   <subfield code="9">658.1GRÜ</subfield>
   <subfield code="f">81</subfield>
   <subfield code="g">14162</subfield>
   <subfield code="l">UEP01</subfield>
   <subfield code="m">BOOK</subfield>
   <subfield code="q">Knihovna Žižkov - sklad</subfield>
   <subfield code="t">na 1 měsíc</subfield>
   <subfield code="u">UEP01</subfield>
   <subfield code="w">20071012</subfield>
  </datafield>
  <datafield tag="996" ind1=" " ind2=" ">
   <subfield code="1">PSKLA</subfield>
   <subfield code="3">F197374q</subfield>
   <subfield code="4">N:P</subfield>
   <subfield code="5">3142214212</subfield>
   <subfield code="8">20071001</subfield>
   <subfield code="9">658.1GRÜ</subfield>
   <subfield code="f">81</subfield>
   <subfield code="g">14162</subfield>
   <subfield code="l">UEP01</subfield>
   <subfield code="m">BOOK</subfield>
   <subfield code="q">Knihovna Žižkov - sklad</subfield>
   <subfield code="t">na 1 měsíc</subfield>
   <subfield code="u">UEP01</subfield>
   <subfield code="w">20071012</subfield>
  </datafield>
  <datafield tag="996" ind1=" " ind2=" ">
   <subfield code="1">PSKLA</subfield>
   <subfield code="3">F197374r</subfield>
   <subfield code="4">N:P</subfield>
   <subfield code="5">3142214213</subfield>
   <subfield code="8">20071001</subfield>
   <subfield code="9">658.1GRÜ</subfield>
   <subfield code="f">81</subfield>
   <subfield code="g">14162</subfield>
   <subfield code="l">UEP01</subfield>
   <subfield code="m">BOOK</subfield>
   <subfield code="q">Knihovna Žižkov - sklad</subfield>
   <subfield code="t">na 1 měsíc</subfield>
   <subfield code="u">UEP01</subfield>
   <subfield code="w">20071012</subfield>
  </datafield>
  <datafield tag="996" ind1=" " ind2=" ">
   <subfield code="1">PSKLA</subfield>
   <subfield code="3">F197374t</subfield>
   <subfield code="4">N:P</subfield>
   <subfield code="5">3142220370</subfield>
   <subfield code="8">20080418</subfield>
   <subfield code="9">658.1GRÜ</subfield>
   <subfield code="f">81</subfield>
   <subfield code="g">15760</subfield>
   <subfield code="l">UEP01</subfield>
   <subfield code="m">BOOK</subfield>
   <subfield code="q">Knihovna Žižkov - sklad</subfield>
   <subfield code="t">na 1 měsíc</subfield>
   <subfield code="u">UEP01</subfield>
   <subfield code="w">20080522</subfield>
  </datafield>
  <datafield tag="996" ind1=" " ind2=" ">
   <subfield code="1">PSKLA</subfield>
   <subfield code="3">F197374u</subfield>
   <subfield code="4">N:P</subfield>
   <subfield code="5">3142220371</subfield>
   <subfield code="8">20080418</subfield>
   <subfield code="9">658.1GRÜ</subfield>
   <subfield code="f">81</subfield>
   <subfield code="g">15760</subfield>
   <subfield code="l">UEP01</subfield>
   <subfield code="m">BOOK</subfield>
   <subfield code="q">Knihovna Žižkov - sklad</subfield>
   <subfield code="t">na 1 měsíc</subfield>
   <subfield code="u">UEP01</subfield>
   <subfield code="w">20080522</subfield>
  </datafield>
  <datafield tag="996" ind1=" " ind2=" ">
   <subfield code="1">PSKLA</subfield>
   <subfield code="3">F197374v</subfield>
   <subfield code="4">N:P</subfield>
   <subfield code="5">3142220372</subfield>
   <subfield code="8">20080418</subfield>
   <subfield code="9">658.1GRÜ</subfield>
   <subfield code="f">81</subfield>
   <subfield code="g">15760</subfield>
   <subfield code="l">UEP01</subfield>
   <subfield code="m">BOOK</subfield>
   <subfield code="q">Knihovna Žižkov - sklad</subfield>
   <subfield code="t">na 1 měsíc</subfield>
   <subfield code="u">UEP01</subfield>
   <subfield code="w">20080522</subfield>
  </datafield>
  <datafield tag="996" ind1=" " ind2=" ">
   <subfield code="1">PSKLA</subfield>
   <subfield code="3">F197374w</subfield>
   <subfield code="4">N:P</subfield>
   <subfield code="5">3142220864</subfield>
   <subfield code="8">20080606</subfield>
   <subfield code="9">658.1GRÜ</subfield>
   <subfield code="f">81</subfield>
   <subfield code="g">16284</subfield>
   <subfield code="l">UEP01</subfield>
   <subfield code="m">BOOK</subfield>
   <subfield code="q">Knihovna Žižkov - sklad</subfield>
   <subfield code="t">na 1 měsíc</subfield>
   <subfield code="u">UEP01</subfield>
   <subfield code="w">20080612</subfield>
  </datafield>
  <datafield tag="996" ind1=" " ind2=" ">
   <subfield code="1">PSKLA</subfield>
   <subfield code="3">F197374x</subfield>
   <subfield code="4">N:P</subfield>
   <subfield code="5">3142272506</subfield>
   <subfield code="8">20140116</subfield>
   <subfield code="9">658.1GRÜ</subfield>
   <subfield code="f">81</subfield>
   <subfield code="g">38084</subfield>
   <subfield code="l">UEP01</subfield>
   <subfield code="m">BOOK</subfield>
   <subfield code="q">Knihovna Žižkov - sklad</subfield>
   <subfield code="t">na 1 měsíc</subfield>
   <subfield code="u">UEP01</subfield>
   <subfield code="w">20140221</subfield>
  </datafield>
  <datafield tag="996" ind1=" " ind2=" ">
   <subfield code="1">PSKLA</subfield>
   <subfield code="3">F197374y</subfield>
   <subfield code="4">N:P</subfield>
   <subfield code="5">3142272507</subfield>
   <subfield code="8">20140116</subfield>
   <subfield code="9">658.1GRÜ</subfield>
   <subfield code="f">81</subfield>
   <subfield code="g">38084</subfield>
   <subfield code="l">UEP01</subfield>
   <subfield code="m">BOOK</subfield>
   <subfield code="q">Knihovna Žižkov - sklad</subfield>
   <subfield code="t">na 1 měsíc</subfield>
   <subfield code="u">UEP01</subfield>
   <subfield code="w">20140218</subfield>
  </datafield>
  <datafield tag="996" ind1=" " ind2=" ">
   <subfield code="1">PSTUD</subfield>
   <subfield code="3">F197374</subfield>
   <subfield code="4">N:P</subfield>
   <subfield code="5">3142214194</subfield>
   <subfield code="8">20070913</subfield>
   <subfield code="9">658.1GRÜ</subfield>
   <subfield code="f">81</subfield>
   <subfield code="g">13803</subfield>
   <subfield code="l">UEP01</subfield>
   <subfield code="m">BOOK</subfield>
   <subfield code="q">Studovna Žižkov</subfield>
   <subfield code="t">na 1 měsíc</subfield>
   <subfield code="u">UEP01</subfield>
   <subfield code="w">20071012</subfield>
  </datafield>
  <datafield tag="996" ind1=" " ind2=" ">
   <subfield code="1">PSTUD</subfield>
   <subfield code="3">F197374a</subfield>
   <subfield code="4">N:P</subfield>
   <subfield code="5">3142214195</subfield>
   <subfield code="8">20070913</subfield>
   <subfield code="9">658.1GRÜ</subfield>
   <subfield code="f">81</subfield>
   <subfield code="g">13803</subfield>
   <subfield code="l">UEP01</subfield>
   <subfield code="m">BOOK</subfield>
   <subfield code="q">Studovna Žižkov</subfield>
   <subfield code="t">na 1 měsíc</subfield>
   <subfield code="u">UEP01</subfield>
   <subfield code="w">20071012</subfield>
  </datafield>
  <datafield tag="996" ind1=" " ind2=" ">
   <subfield code="1">PSTUD</subfield>
   <subfield code="3">F197374b</subfield>
   <subfield code="4">N:P</subfield>
   <subfield code="5">3142214196</subfield>
   <subfield code="8">20070913</subfield>
   <subfield code="9">658.1GRÜ</subfield>
   <subfield code="f">81</subfield>
   <subfield code="g">13803</subfield>
   <subfield code="l">UEP01</subfield>
   <subfield code="m">BOOK</subfield>
   <subfield code="q">Studovna Žižkov</subfield>
   <subfield code="t">na 1 měsíc</subfield>
   <subfield code="u">UEP01</subfield>
   <subfield code="w">20071012</subfield>
  </datafield>
 </record>
</collection>
